[Event "Heart of Finland"]
[Site "Jyvaskyla FIN"]
[Date "2008.07.12"]
[Round "2"]
[White "Solozhenkin,E"]
[Black "Kiuttu,R"]
[Result "1-0"]
[WhiteElo "2511"]
[BlackElo "2091"]

1.e4 c5 2.Nf3 e6 3.d4 cxd4 4.Nxd4 Nc6 5.Nc3 Qc7 6.Be3 a6 7.Bd3 Nf6 8.O-O Ne5
9.h3 Bc5 10.Kh1 d6 11.f4 Ng6 12.Qe1 b5 13.a3 O-O 14.f5 Ne5 15.Qh4 exf5 16.exf5 Nxd3
17.cxd3 Bb7 18.Bg5 Nd7 19.f6 Bxd4 20.Qxd4 g6 21.Rac1 Qb6 22.Qh4 h5 23.Ne2 Rfe8
24.Nf4 Nf8 25.Bh6 Re5 26.Rce1 Qc6 27.d4 Rf5 28.d5 Qc4 29.Rc1 Qd4 30.Nxg6 Qxh4
31.Nxh4 Rxf1+ 32.Rxf1 Bxd5 33.Rf5 Be4 34.Rxh5 Ng6 35.Bg7 Re8 36.Kg1 Bd3 37.Nxg6 fxg6
38.Rd5 Re1+ 39.Kh2 Bc4 40.Rxd6 Re2 41.b4  1-0

[Event "2nd LCT"]
[Site "Leiden NED"]
[Date "2008.07.12"]
[Round "2"]
[White "Van der Wiel,J"]
[Black "Mannen,H"]
[Result "1-0"]
[WhiteElo "2504"]
[BlackElo "2164"]

1.e4 c5 2.Nf3 e6 3.d4 cxd4 4.Nxd4 Nc6 5.Nc3 Qc7 6.Be2 a6 7.O-O Nf6 8.Kh1 Nxd4
9.Qxd4 Bc5 10.Qd3 b5 11.f4 Bb7 12.Bf3 h5 13.e5 Ng4 14.Bxb7 Qxb7 15.Ne4 Be7
16.b3 Qc6 17.Bb2 Rc8 18.Rac1 h4 19.c4 b4 20.f5 exf5 21.Rxf5 Qe6 22.Rcf1 O-O
23.Nf6+ Bxf6 24.exf6 g6 25.Rg5 Kh8 26.Qf3 Nh6 27.Qf4 Kh7 28.Bc1 Rce8 29.Rh5  1-0

[Event "Aegean Open"]
[Site "Aghios Kirykos GRE"]
[Date "2008.07.13"]
[Round "2"]
[White "Zakurdjaeva,I"]
[Black "Latifis,G"]
[Result "1-0"]
[WhiteElo "2308"]
[BlackElo "1661"]

1.e4 c5 2.Nf3 e6 3.d4 cxd4 4.Nxd4 Nc6 5.Nc3 a6 6.Be2 Nf6 7.O-O e5 8.Nf3 Bc5
9.Bg5 h6 10.Bxf6 Qxf6 11.Nd5 Qd8 12.c3 O-O 13.b4 Ba7 14.a4 d6 15.Bc4 Ne7
16.Qd3 Nxd5 17.Bxd5 Rb8 18.Nd2 b5 19.axb5 Rxb5 20.Nc4 Qc7 21.Nxd6 Rxd5 22.Qxd5 Rd8
23.Nb5 Qb6 24.Nxa7 Rxd5 25.Nxc8 Qc7 26.exd5 Qxc8 27.d6 Kf8 28.Rfd1  1-0

[Event "Heart of Finland"]
[Site "Jyvaskyla FIN"]
[Date "2008.07.13"]
[Round "4"]
[White "Solozhenkin,E"]
[Black "Eloranta,K"]
[Result "1-0"]
[WhiteElo "2511"]
[BlackElo "2028"]

1.e4 c5 2.Nf3 e6 3.d4 cxd4 4.Nxd4 Nc6 5.Nc3 a6 6.Nxc6 bxc6 7.Bd3 d5 8.O-O Nf6
9.Re1 Be7 10.e5 Nd7 11.Qg4 g6 12.Bh6 Rb8 13.Qh3 Bf8 14.Bxf8 Nxf8 15.Qh6 Rg8
16.b3 Qe7 17.Na4 c5 18.Qe3 Nd7 19.c4 d4 20.Qh6 Qf8 21.Qd2 Ke7 22.Be4 f5 23.Bc6 Kf7
24.Qa5 Qd8 25.Qxd8 Rxd8 26.Bxd7 Rxd7 27.Nxc5 Rc7 28.Nd3 Bb7 29.Rad1 g5 30.Rd2 Rd8
31.f3 Kg6 32.Nc1 f4 33.Ne2 Rcd7 34.Red1 d3 35.Nc1 Kf5 36.Rxd3 Rxd3 37.Nxd3 h5
38.h3 g4 39.hxg4+ hxg4 40.fxg4+ Kg5 41.Kf1 Rh8 42.Nf2  1-0

[Event "2nd LCT"]
[Site "Leiden NED"]
[Date "2008.07.13"]
[Round "3"]
[White "Van den Doel,E"]
[Black "Giri,A"]
[Result "1/2-1/2"]
[WhiteElo "2568"]
[BlackElo "2430"]

1.e4 c5 2.Nf3 e6 3.d4 cxd4 4.Nxd4 Nc6 5.Nc3 Qc7 6.Be3 a6 7.Qd2 Nf6 8.O-O-O Bb4
9.f3 Ne5 10.Nb3 b5 11.Qd4 Nc6 12.Qb6 Qxb6 13.Bxb6 Bxc3 14.bxc3 d5 15.Nc5 O-O
16.Bc7 Ra7 17.Bb6 Ra8 18.Bd3 Nd7 19.Nxd7 Bxd7 20.c4 bxc4 21.Bxc4 Rfb8 22.Bc5 dxc4
23.Rxd7 Rb5 24.Bd4 Rg5 25.g3 h5 26.Bc3 Ne5 27.h4 Nxd7 28.hxg5 Rb8 29.Rxh5 Rb5
30.g4 Nb6 31.f4 Na4 32.Rh3 Rb7 33.Be5 Nc5 34.Re3 Rb5 35.Kd2 Ra5 36.a3 Ra4
37.Bd4 c3+ 38.Kxc3 Rxa3+ 39.Kb4 Rxe3 40.Bxe3 Nxe4 41.Ka5 Kf8 42.c4 Ke8 43.c5 Kd7
44.Kb6 Kc8 45.Bd4 a5 46.Bxg7 a4 47.Bb2 Nf2 48.f5 Nxg4 49.fxe6 fxe6 50.g6 e5
51.g7 Nh6 52.Bxe5 a3 53.Kc6 a2 54.Kd6 Kd8 55.Kc6 Kc8 56.Kd6 Kd8 57.Ke6 Kc8
58.Ke7 Nf5+ 59.Ke6 Nh6 60.Kf6 Kd7 61.Kg6 Ng8 62.Kh7 Ne7 63.Bf6 Nd5 64.Ba1 Ne7
65.Bb2 Kc6 66.Bf6 Nd5 67.Be5 Ne7 68.Bd4 Kd7 69.Bc3 Kc6 70.Ba1  1/2-1/2

[Event "2nd LCT"]
[Site "Leiden NED"]
[Date "2008.07.15"]
[Round "5"]
[White "Pruijssers,R"]
[Black "Giri,A"]
[Result "1-0"]
[WhiteElo "2452"]
[BlackElo "2430"]

1.e4 c5 2.Nf3 e6 3.d4 cxd4 4.Nxd4 Nc6 5.Nc3 Qc7 6.Be3 a6 7.Qd2 Nf6 8.O-O-O Bb4
9.f3 Ne5 10.Nb3 b5 11.Kb1 Be7 12.Qf2 Rb8 13.g4 d6 14.g5 Nfd7 15.Rg1 b4 16.Ne2 Nc4
17.Bc1 a5 18.Ned4 Ndb6 19.f4 a4 20.Nd2 Bd7 21.Rg3 O-O 22.Nxc4 Nxc4 23.f5 Rfc8
24.f6 Bf8 25.g6 hxg6 26.Bxc4 Qxc4 27.Rxg6 e5 28.Rxg7+ Bxg7 29.Qg3 Bg4 30.Qxg4 Kf8
31.Qxg7+ Ke8 32.b3 axb3 33.axb3 Qxd4 34.Rxd4 exd4 35.Qg8+  1-0

[Event "I Open"]
[Site "Sabadell ESP"]
[Date "2008.07.15"]
[Round "3"]
[White "Mestre Bellido,H"]
[Black "Jovanic,O"]
[Result "1-0"]
[WhiteElo "2284"]
[BlackElo "2493"]

1.e4 c5 2.Nf3 e6 3.d4 cxd4 4.Nxd4 Nc6 5.Nc3 Qc7 6.g3 a6 7.Bg2 d6 8.O-O Bd7
9.a4 Nf6 10.Nb3 Be7 11.a5 Ne5 12.Nd2 O-O 13.f4 Nc4 14.Nxc4 Qxc4 15.Be3 Bc6
16.Qd4 Qxd4 17.Bxd4 Rac8 18.Rfd1 Rfd8 19.Rd2 Nd7 20.Na4 e5 21.Bf2 exf4 22.gxf4 Re8
23.e5 Bxg2 24.Kxg2 Rc6 25.Rad1 f6 26.exd6 Bd8 27.b4 Rc4 28.Nc5 Nxc5 29.Bxc5 Kf7
30.d7 Ree4 31.f5 g6 32.fxg6+ hxg6 33.Rf1 Rg4+ 34.Kh1 f5 35.Re1 Rce4 36.Rxe4 Rxe4
37.Kg2 g5 38.h3 g4 39.hxg4 fxg4 40.Kg3 Be7 41.Rd6 Bd8 42.Rh6 Kg7 43.Rb6 Kf7
44.Rxb7 Ke6 45.b5 axb5 46.a6 Ra4 47.a7 Kd5 48.Rb8 Bc7+ 49.Kg2  1-0

[Event "I Open"]
[Site "Sabadell ESP"]
[Date "2008.07.15"]
[Round "3"]
[White "Molina Morena,A"]
[Black "Cruz,Cr"]
[Result "0-1"]
[WhiteElo "2179"]
[BlackElo "2508"]

1.e4 c5 2.Nf3 e6 3.d4 cxd4 4.Nxd4 Nc6 5.Nc3 Qc7 6.g3 a6 7.Bg2 d6 8.O-O Bd7
9.a4 Nxd4 10.Qxd4 Ne7 11.Bd2 Nc6 12.Qe3 Be7 13.Rac1 O-O 14.b3 Rfe8 15.Ne2 b5
16.axb5 axb5 17.Nf4 Rac8 18.c4 Qb8 19.Nd3 Bf6 20.c5 Bd4 21.Qe1 e5 22.cxd6 Qxd6
23.Nb4 Nxb4 24.Bxb4 Rxc1 25.Bxd6 Rxe1 26.Rxe1 Rc8 27.Rd1 Bg4 28.Rb1 Rc2 29.h3 Rxf2
30.Kh1 Bf3 31.Bxf3 Rxf3 32.Kg2 Rf2+ 33.Kh1 h5 34.b4 Re2 35.Rc1 Rxe4 36.Rc8+ Kh7
37.Rb8 Re1+ 38.Kg2 e4 39.Rxb5 Rg1+ 40.Kh2 e3 41.Kxg1 e2+ 42.Kg2 e1=Q 43.Rxh5+ Kg6  0-1

[Event "XIII Open"]
[Site "Balaguer ESP"]
[Date "2008.07.16"]
[Round "3"]
[White "Soumya,Sw"]
[Black "Pogorelov,R"]
[Result "0-1"]
[WhiteElo "2293"]
[BlackElo "2459"]

1.e4 c5 2.Nf3 Nc6 3.d4 cxd4 4.Nxd4 e6 5.Nc3 Qc7 6.Be3 a6 7.Qd2 Nf6 8.f3 Bb4
9.O-O-O Ne5 10.Nb3 d5 11.Bd4 O-O 12.Qg5 Bd6 13.Kb1 dxe4 14.fxe4 Bd7 15.Be2 Bc6
16.Qe3 Ned7 17.Bxf6 Nxf6 18.Nd4 Bf4 19.Qf3 Be5 20.g4 Rad8 21.Nxc6 Qxc6 22.g5 Bxc3
23.gxf6 Bxf6 24.e5 Qxf3 25.Bxf3 Bxe5 26.Bxb7 a5 27.h3 Bc7 28.c4 Rb8 29.Bc6 Rfd8
30.Bd7 Kf8 31.c5 Ke7 32.Ba4 Rxd1+ 33.Rxd1 Rd8 34.Rxd8 Kxd8 35.Kc2 h5 36.a3 g5
37.b4 axb4 38.axb4 g4 39.hxg4 hxg4 40.Kd3 f5 41.Bb3 Ke7 42.b5 Bh2 43.Bd1 e5  0-1

[Event "19th Czech Open Synthesia Rapid"]
[Site "Pardubice CZE"]
[Date "2008.07.16"]
[Round "3"]
[White "Kabanov,N"]
[Black "Laznicka,V"]
[Result "0-1"]
[WhiteElo "2521"]
[BlackElo "2601"]

1.e4 c5 2.Nf3 e6 3.d4 cxd4 4.Nxd4 Nc6 5.Nc3 a6 6.Be2 d6 7.O-O Nf6 8.Be3 Be7
9.Kh1 O-O 10.f4 Bd7 11.Qe1 b5 12.a3 Qb8 13.b4 Nxd4 14.Bxd4 e5 15.Be3 Rc8
16.Bd3 Re8 17.Rd1 Bc6 18.fxe5 dxe5 19.Bg5 Nd7 20.Be3 Nf6 21.Bg5 Nd7 22.Be3 Nf6
23.Qg3 Qc8 24.h3 Bb7 25.Bd2 Nh5 26.Qf3 Nf4 27.Bxf4 exf4 28.Nd5 Bxd5 29.exd5 Bd6
30.Rfe1 Qc7 31.Re4 g6 32.c4 bxc4 33.Bxc4 a5 34.Bb5 Rxe4 35.Qxe4 axb4 36.axb4 Rb8
37.Qc4 Qe7 38.Qe2 Qb7 39.Bd3 Qxb4 40.Qf1 Re8 41.Be2 f3 42.Qxf3 Qb2 43.Rf1 f5
44.Bd3 Qe5 45.g3 Qd4 46.Bb5 Re3 47.Rd1 Qc3 48.Qf2 Rxg3 49.Bf1 Rxh3+ 50.Bxh3 Qxh3+
51.Kg1 Qg4+  0-1

[Event "19th Czech Open Synthesia Rapid"]
[Site "Pardubice CZE"]
[Date "2008.07.16"]
[Round "3"]
[White "Shanava,K"]
[Black "Potkin,V"]
[Result "0-1"]
[WhiteElo "2522"]
[BlackElo "2629"]

1.e4 c5 2.Nc3 e6 3.Nf3 Nc6 4.d4 cxd4 5.Nxd4 Qc7 6.Be3 a6 7.Bd3 Nf6 8.Nb3 b5
9.f4 d6 10.O-O b4 11.Na4 Rb8 12.Rc1 Be7 13.c4 O-O 14.c5 d5 15.e5 Ne4 16.Nb6 Bb7
17.Bxe4 dxe4 18.Qd7 Rbc8 19.Rfd1 Rfd8 20.Qxc7 Rxc7 21.Rd6 f6 22.Rcd1 fxe5
23.fxe5 Bxd6 24.cxd6 Rf7 25.Nc5 Nxe5 26.Nxe6 Re8 27.Nc5 Bc6 28.Nxa6 Ng4 29.Bg5 e3
30.Bxe3 Nxe3 31.Re1 Ref8 32.h4  0-1

[Event "XXIII Tadeusz Gniota Mem"]
[Site "Police POL"]
[Date "2008.07.16"]
[Round "9"]
[White "Rudnicki,M"]
[Black "Maes,W"]
[Result "1/2-1/2"]
[WhiteElo "2197"]
[BlackElo "2319"]

1.e4 c5 2.Nf3 e6 3.d4 cxd4 4.Nxd4 Nc6 5.Nc3 Qc7 6.Be2 a6 7.O-O Nf6 8.Be3 Bb4
9.Na4 Be7 10.Nxc6 bxc6 11.Nb6 Rb8 12.Nxc8 Qxc8 13.Bd4 c5 14.Be5 Rb6 15.Qd3 d6
16.Bc3 O-O 17.b3 d5 18.exd5 Nxd5 19.Be5 Bf6 20.Bxf6 Nxf6 21.Rfd1 a5 22.Qc3 a4
23.bxa4 Nd5  1/2-1/2

[Event "Heart of Finland"]
[Site "Jyvaskyla FIN"]
[Date "2008.07.17"]
[Round "8"]
[White "Penttila,T"]
[Black "Haapasalo,JP"]
[Result "1/2-1/2"]
[WhiteElo "2055"]
[BlackElo "2167"]

1.e4 c5 2.Nf3 e6 3.d4 cxd4 4.Nxd4 Nc6 5.Nc3 a6 6.Nxc6 bxc6 7.Bd3 d5 8.O-O Nf6
9.Re1 Be7 10.e5 Nd7 11.Qg4 Kf8 12.Na4 c5 13.b3 h5 14.Qe2 Nb6  1/2-1/2

[Event "Inautomarket Open"]
[Site "Minsk BLR"]
[Date "2008.07.17"]
[Round "8"]
[White "Ostrovskiy,And"]
[Black "Borisova,E"]
[Result "1-0"]
[WhiteElo "2445"]
[BlackElo "2316"]

1.e4 c5 2.Nf3 e6 3.d4 cxd4 4.Nxd4 Nc6 5.Nc3 Qc7 6.Be2 a6 7.O-O Nf6 8.Nxc6 bxc6
9.Bd3 d5 10.Bg5 Bd6 11.Bxf6 gxf6 12.Qh5 Bb7 13.Rab1 Rg8 14.b4 O-O-O 15.Na4 Rg5
16.Qh3 Rdg8 17.g3 Bxg3 18.hxg3 Rxg3+ 19.fxg3 Rxg3+ 20.Qg2 dxe4 21.Bxe4 f5
22.Bf3 h5 23.Nc5 h4 24.Kh1 Rxg2 25.Bxg2 Kb8 26.c4 Bc8 27.b5 Qe5 28.bxc6+ Kc7
29.Nd7 Qg3 30.Rb3 Qg4 31.Nb6 e5 32.Nxc8 Kxc8 33.Rxf5 e4 34.Bh3  1-0

[Event "XIII Open"]
[Site "Balaguer ESP"]
[Date "2008.07.18"]
[Round "5"]
[White "Bruzon Batista,L"]
[Black "Delchev,A"]
[Result "1/2-1/2"]
[WhiteElo "2592"]
[BlackElo "2618"]

1.e4 c5 2.Nf3 e6 3.d4 cxd4 4.Nxd4 Nc6 5.Nc3 Qc7 6.Be3 a6 7.Qd2 Nf6 8.f3 Ne5
9.O-O-O Bb4 10.Nb3 b5 11.Qd4 Nc6 12.Qb6 Qe5 13.Bd2 Rb8 14.Qe3 O-O 15.f4 Qc7
16.Bd3 d5 17.e5 Nd7 18.Qh3 g6  1/2-1/2

[Event "19th Czech Jihlavanka B Open"]
[Site "Pardubice CZE"]
[Date "2008.07.18"]
[Round "1"]
[White "Roeberg,F"]
[Black "Vondra,L"]
[Result "1-0"]
[WhiteElo "2267"]
[BlackElo "2029"]

1.e4 c5 2.Nf3 e6 3.Nc3 Nc6 4.d4 cxd4 5.Nxd4 a6 6.Nxc6 bxc6 7.Bd3 d5 8.O-O Bd6
9.Re1 Qc7 10.exd5 Bxh2+ 11.Kh1 Ne7 12.dxe6 h5 13.exf7+ Kf8 14.Rxe7 Qxe7 15.Kxh2 Bg4
16.f3 Qxf7 17.Qd2  1-0

[Event "19th Czech Chladek & Tintera A Open"]
[Site "Pardubice CZE"]
[Date "2008.07.18"]
[Round "1"]
[White "Wagener,Cl"]
[Black "Schneider,Il"]
[Result "0-1"]
[WhiteElo "2264"]
[BlackElo "2468"]

1.e4 c5 2.Nf3 e6 3.Nc3 Nc6 4.d4 cxd4 5.Nxd4 Nf6 6.Ndb5 Bb4 7.a3 Bxc3+ 8.Nxc3 d5
9.exd5 exd5 10.Bd3 O-O 11.O-O h6 12.Re1 d4 13.Ne2 Re8 14.b4 Qd5 15.Bb2 Bg4
16.f3 Bh5 17.b5 Ne5 18.Nxd4 Rad8 19.Nb3 Nxf3+ 20.gxf3 Qg5+ 21.Kf2 Qh4+ 22.Kg2 Qg5+
23.Kf2 Qf4 24.Rxe8+ Rxe8 25.Bxf6 Qxh2+ 26.Kf1 gxf6 27.Be4 Rxe4 28.Qd8+ Kh7
29.fxe4 Qf4+ 30.Kg1 Qe3+ 31.Kh2 Qf2+ 32.Kh3 f5 33.exf5 Qxf5+ 34.Kg3 Qf3+
35.Kh2 Qf2+ 36.Kh3 Bg6 37.Nd4 Qe3+ 38.Kh2 Qd2+ 39.Kg1 Be4 40.Kf1 Qg2+ 41.Ke1 Qg1+
42.Kd2 Qxa1 43.Qd7 Bg6 44.Qd6 Qb2 45.Qc5 b6 46.Qb4 Qa2 47.Qb3 Qa1 48.Nc6 h5
49.a4 h4 50.Qc4 Qf6 51.Qg4 Qf2+ 52.Kd1 Bxc2+ 53.Kc1 Bg6 54.Nd4 Qe3+ 55.Kb2 Qe4  0-1

[Event "19th Czech Chladek & Tintera A Open"]
[Site "Pardubice CZE"]
[Date "2008.07.18"]
[Round "1"]
[White "Tvarijonas,P"]
[Black "Geller,J"]
[Result "0-1"]
[WhiteElo "2285"]
[BlackElo "2510"]

1.e4 c5 2.Nf3 e6 3.d4 cxd4 4.Nxd4 Nc6 5.Nc3 Qc7 6.Be2 a6 7.O-O Nf6 8.Be3 Be7
9.f4 d6 10.Qe1 O-O 11.Qg3 Nxd4 12.Bxd4 b5 13.Bd3 Bb7 14.e5 dxe5 15.Bxe5 Qb6+
16.Kh1 g6 17.Qg5 Qd8 18.Qh6 Re8 19.Rad1 Bf8 20.Qh3 Qe7 21.a4 b4 22.Ne2 Nd7
23.Bd4 Nc5 24.Ng3 Nxd3 25.Rxd3 Rad8 26.f5 exf5 27.Nxf5 Qe2 28.Rg1 Rd5 29.Nh4 Qxc2
30.Rdd1 Re2 31.Rc1 Qe4 32.Nf3 Rxd4 33.Nxd4 Qxd4 34.Rcd1 Bxg2+ 35.Qxg2 Rxg2
36.Kxg2 Qg4+  0-1

[Event "19th Czech Chladek & Tintera A Open"]
[Site "Pardubice CZE"]
[Date "2008.07.18"]
[Round "1"]
[White "Van Kampen,R"]
[Black "Vorobiov,E"]
[Result "1/2-1/2"]
[WhiteElo "2294"]
[BlackElo "2550"]

1.e4 c5 2.Nf3 e6 3.d4 cxd4 4.Nxd4 Nc6 5.Nc3 Qc7 6.Be3 a6 7.Bd3 Nf6 8.O-O Nxd4
9.Bxd4 Bc5 10.Bxc5 Qxc5 11.Na4 Qc7 12.c4 d6 13.Rc1 Bd7 14.c5 Rd8 15.cxd6 Qxd6
16.Nc5 Bc6 17.Qe2 Nd7 18.Nxd7 Rxd7 19.Rc3 O-O 20.Rfc1 Ra8 21.Qe3 Rdd8 22.f3 g6
23.a3 Qe5 24.Bf1 Rd2 25.R3c2 Rxc2 26.Rxc2 f5 27.Rc5 Qxb2 28.exf5 exf5 29.Rc3 Re8
30.Bc4+ Kg7 31.Qd4+ Kh6 32.Qh4+  1/2-1/2

[Event "Politiken Cup"]
[Site "Helsingor DEN"]
[Date "2008.07.19"]
[Round "1"]
[White "Pallesen,Jo"]
[Black "Kristensen,Kj"]
[Result "0-1"]
[WhiteElo "1696"]
[BlackElo "2159"]

1.e4 c5 2.Nf3 e6 3.Nc3 Nc6 4.d4 cxd4 5.Nxd4 a6 6.Be3 d6 7.Bc4 Bd7 8.O-O Nf6
9.Bb3 Be7 10.h3 O-O 11.Qd2 Rc8 12.Rae1 Na5 13.Qe2 b5 14.a3 Nc4 15.Bc1 Qb6
16.Bxc4 Rxc4 17.Nf3 Rfc8 18.Be3 Qb8 19.Nd2 R4c7 20.Bf4 e5 21.Bg5 Be6 22.f4 b4
23.axb4 Qxb4 24.f5 Qxb2 25.fxe6 Qxc3 26.exf7+ Kxf7 27.Rf3 Qxc2 28.Ref1 Kg8
29.Bxf6 Bxf6 30.Rg3 Rf8 31.Rf2 Qc5 32.Kh1 a5 33.Rf5 Qd4 34.Nf3 Qc4 35.Qf2 Rcf7
36.Nd2 Qc1+ 37.Kh2 Bh4 38.Rxg7+ Kxg7 39.Qxh4 Rxf5 40.Qg4+ Kh8  0-1

[Event "Politiken Cup"]
[Site "Helsingor DEN"]
[Date "2008.07.19"]
[Round "1"]
[White "Petersen,Stee1"]
[Black "Krueger,B"]
[Result "1-0"]
[WhiteElo "2170"]
[BlackElo "1761"]

1.e4 c5 2.Nf3 Nc6 3.Nc3 e6 4.d4 cxd4 5.Nxd4 Nge7 6.Ndb5 Ng6 7.Nd6+ Bxd6 8.Qxd6 a6
9.Be3 Qe7 10.Bc5 O-O 11.h4 Re8 12.h5 Nf8 13.a4 Qg5 14.f4 Qf6 15.Bd3 b6 16.Bxb6 Rb8
17.a5 Qe7 18.Qxe7 Nxe7 19.Na4 d5 20.Nc5 dxe4 21.Bxe4 Nd5 22.Bxd5 exd5+ 23.Kd2 Nd7
24.Nxd7 Bxd7 25.Rae1 Re4 26.Rxe4 dxe4 27.Ke3 f5 28.Rd1 Be8 29.Rd5 g6 30.hxg6 hxg6
31.Kd4 Kf7 32.Rd6 Rc8 33.c4 e3 34.Kd5 e2 35.Bf2 Kg7 36.b3 Bf7+ 37.Kd4 Re8
38.Be1 Re4+ 39.Kd3 Rxf4 40.Kxe2 Rg4 41.Kf3 Re4 42.Bc3+ Kh6 43.Rxa6 Re7 44.Rb6 Rd7
45.Be5 Kh5 46.a6 Re7 47.Bb8 g5 48.a7 g4+ 49.Kf4 Re4+ 50.Kxf5  1-0

[Event "19th Czech Chladek & Tintera A Open"]
[Site "Pardubice CZE"]
[Date "2008.07.19"]
[Round "2"]
[White "Kanarek,M"]
[Black "Jansa,Vl"]
[Result "1-0"]
[WhiteElo "2349"]
[BlackElo "2485"]

1.e4 c5 2.Nf3 e6 3.d4 cxd4 4.Nxd4 Nc6 5.Nc3 a6 6.Be3 Nf6 7.Qd2 Bb4 8.f3 d5
9.O-O-O Qa5 10.Nb3 Bxc3 11.Nxa5 Bxd2+ 12.Bxd2 dxe4 13.Nxc6 bxc6 14.Bc3 c5
15.Bxf6 gxf6 16.fxe4 Bb7 17.Bd3 Rg8 18.g3 Ke7 19.c3 h5 20.Rhg1 Rad8 21.Kc2 a5
22.b3 Rg4 23.h3 Rg5 24.h4 Rg7 25.Kb2 Bc6 26.a4 Rd6 27.Ka3 Rg4 28.Be2 Rxe4
29.Rxd6 Kxd6 30.Rd1+ Kc7 31.Bxh5 Be8 32.Rf1 f5 33.Rf4 Re3 34.g4 Rxc3 35.gxf5 e5
36.Rg4 Rf3 37.Rg8 Rxf5 38.Bg4 Rf4 39.Rxe8 Rxg4 40.Rxe5 Kd6 41.Rf5 Rg7 42.h5 Ke6
43.Rxc5 f5 44.Rxa5 f4 45.h6 Rf7 46.Rh5 Rh7 47.a5 Kf6 48.b4 Kg6 49.Rh1 Rxh6
50.Rf1 Kf5 51.Ka4 Ke4 52.b5 Rh2 53.a6 f3 54.Ka5 Rh7 55.b6 Rh5+ 56.Kb4 Rh6
57.Kc5 Rh5+ 58.Kc6 Rh6+ 59.Kb7 Rh7+ 60.Ka8  1-0

[Event "19th Czech Chladek & Tintera A Open"]
[Site "Pardubice CZE"]
[Date "2008.07.19"]
[Round "2"]
[White "Vorobiov,E"]
[Black "Gjuran,D"]
[Result "1-0"]
[WhiteElo "2550"]
[BlackElo "2295"]

1.e4 c5 2.Nf3 e6 3.d4 cxd4 4.Nxd4 Nc6 5.Nc3 Qc7 6.f4 Nxd4 7.Qxd4 a6 8.Be3 b5
9.O-O-O Bb7 10.Bd3 Rc8 11.Kb1 Nf6 12.e5 Nd5 13.Ne4 Nxe3 14.Qxe3 Bd5 15.Qd2 Be7
16.Rhe1 O-O 17.Re3 f5 18.exf6 Bxf6 19.Nxf6+ Rxf6 20.g3 Qb7 21.Qe2 Rc5 22.f5 Rc8
23.g4 Rff8 24.Rh3 exf5 25.gxf5 Rf6 26.Rg1 Kh8 27.Qe7 Bf7 28.Rhg3 Re8 29.Qb4 Qb6
30.b3 Rg8 31.Qd2 Qd4 32.Rg4 Qe5 33.Re1 Qc5 34.Qg2 Qc3 35.Rg1 Rd6 36.Qg3 Qf6
37.Re1 Rc6 38.Qe5 Rd8 39.a4 h5 40.Qxf6 Rxf6 41.Rd4 bxa4 42.Rxa4 Rb8 43.Rxa6 Bxb3
44.cxb3 Rxa6 45.Bxa6 Rxb3+ 46.Kc2 Rf3 47.Bd3 Kg8 48.Re7 Rh3 49.Bc4+ Kh8 50.Re2 Rf3
51.Kd2 Kh7 52.Bd3 Kg8 53.Re7 Rf2+ 54.Ke3 Rxh2 55.Bc4+ Kh8 56.Rxd7 Rh3+ 57.Kf2 Rh4
58.Be2 Rh2+ 59.Kf3 Kg8 60.Bc4+ Kh8 61.Kg3 Rh1 62.Bd5 Rf1 63.Bg2 Rg1 64.Kf2 Ra1
65.Bf3 Ra5 66.Kg3 Kg8 67.Bd5+ Kf8 68.Kh4  1-0

[Event "31st Taminco Open"]
[Site "Ghent BEL"]
[Date "2008.07.20"]
[Round "4"]
[White "Van Cappellen,J"]
[Black "Van Dijk,Ti"]
[Result "1/2-1/2"]
[WhiteElo "1948"]
[BlackElo "2256"]

1.e4 c5 2.Nf3 e6 3.d4 cxd4 4.Nxd4 Nc6 5.Nc3 Qc7 6.Be3 a6 7.Bd3 Nf6 8.O-O Ne5
9.Nf3 Neg4 10.Bg5 Bc5 11.Bh4 b5 12.Bg3 d6 13.h3 Ne5 14.Nxe5 dxe5 15.a4 b4
16.Na2 O-O 17.Rc1 Bb7 18.Qe2 Rfc8 19.c3 b3 20.Nb4 Qd6 21.Bb1 Bxb4 22.cxb4 Qxb4
23.Bxe5 Nd7 24.Bc3 Qxa4 25.Qg4 e5 26.f4 Re8 27.Rcd1 Nf6 28.Qg3 Nxe4 29.Bxe4 Qxe4
30.fxe5 Re6 31.Rf4 Rg6 32.Rxe4 Rxg3 33.Rg4 Rxg4 34.hxg4 Bc6 35.Rd6 Bb5 36.Ba5 Kf8
37.Bb4 Ke8 38.e6 Rc8 39.e7 Kxe7 40.Rxa6+ Ke8 41.Ra5 Rc1+ 42.Kh2 Bc6 43.Rc5 Rc2
44.Bc3 Bxg2 45.Kg3 f6 46.Rb5 Be4 47.Rxb3 g5 48.Bxf6 Bd5  1/2-1/2

[Event "19th Czech Chladek & Tintera A Open"]
[Site "Pardubice CZE"]
[Date "2008.07.20"]
[Round "3"]
[White "Korinek,O"]
[Black "Plischki,S"]
[Result "1/2-1/2"]
[WhiteElo "2252"]
[BlackElo "2402"]

1.e4 c5 2.Nf3 e6 3.d4 cxd4 4.Nxd4 Nc6 5.Nc3 d6 6.Be3 a6 7.Qd2 Nge7 8.Nb3 b5
9.O-O-O Ng6 10.f4 Be7 11.g3 Bb7 12.Bg2 Qc7 13.h4 Nf8 14.Rhe1 Na5 15.Nxa5 Qxa5
16.Kb1 Nd7 17.Bd4 b4 18.Ne2 O-O 19.Nc1 Rfb8 20.b3  1/2-1/2

[Event "19th Czech Chladek & Tintera A Open"]
[Site "Pardubice CZE"]
[Date "2008.07.20"]
[Round "3"]
[White "Erdogdu,M"]
[Black "Dziuba,M"]
[Result "0-1"]
[WhiteElo "2440"]
[BlackElo "2570"]

1.e4 c5 2.Nf3 e6 3.d4 cxd4 4.Nxd4 Nc6 5.Nc3 Qc7 6.Be3 a6 7.Qd2 Nf6 8.O-O-O Be7
9.f3 h5 10.Kb1 b5 11.Nxc6 dxc6 12.e5 Qxe5 13.Bf4 Qc5 14.Be3 Qb4 15.Qf2 Nd5
16.Bd4 Bf6 17.Bxf6 Nxf6 18.Qg3 O-O 19.Qg5 c5 20.a3 Qa5 21.Qxc5 Bb7 22.Be2 Rac8
23.Qb4 Qb6 24.Qd4 Qc7 25.Qd6 Qa5 26.Qb4 Qb6 27.Qd4 Rc5 28.b4 Rc6 29.Qxb6 Rxb6
30.h4 Rc8 31.Na2 Nd5 32.Rd2 Ne3 33.g3 Bd5 34.Nc1 Rbc6 35.Bd1 Kh7 36.Rf2 Rc3
37.Nd3 Rxa3 38.Re1 Nc4 39.f4 g6 40.f5 exf5 41.Re7 Kg8 42.Ra7 Ne3 43.Rd2 Rac3
44.Nc5 Rc4 45.Nxa6 Nxd1 46.Rxd1 Be4 47.Ka1 Bxc2 48.Rdd7 Bb3 49.Nc5 Rxb4 50.Nxb3 Rxb3
51.Ka2 Rb4  0-1

[Event "17th ch-MKD"]
[Site "Struga MKD"]
[Date "2008.07.20"]
[Round "7"]
[White "Stojkovska,M"]
[Black "Petrovski,I"]
[Result "0-1"]
[WhiteElo "1869"]
[BlackElo "1836"]

1.e4 c5 2.Nf3 e6 3.d4 cxd4 4.Nxd4 Nc6 5.Nc3 Qc7 6.Nb3 Nf6 7.Bd3 a6 8.O-O Be7
9.f4 d6 10.Qf3 Nb4 11.Bd2 Nxd3 12.cxd3 O-O 13.Rac1 Qb8 14.Kh1 Bd7 15.d4 b6
16.d5 exd5 17.Nxd5 Nxd5 18.exd5 Bf6 19.Bc3 Qd8 20.Nd2 Re8 21.Ne4 Bxc3 22.Nxc3 Qe7
23.Kg1 h6 24.Rcd1 Rac8 25.Rd2 Bf5 26.Re2 Qf6 27.Rd1 Qg6 28.h3 Rxe2 29.Nxe2 Be4
30.Qg3 Rc2 31.Qxg6 fxg6 32.Nc3 Bxg2 33.h4 Bh3 34.Ne4 Rg2+ 35.Kh1 Rxb2 36.Nxd6 Rxa2
37.Nc4 b5 38.Ne5 b4 39.d6 b3 40.d7 Bxd7  0-1

[Event "31st Taminco Open"]
[Site "Ghent BEL"]
[Date "2008.07.21"]
[Round "6"]
[White "Klundt,K"]
[Black "Van Dijk,Ti"]
[Result "1-0"]
[WhiteElo "2361"]
[BlackElo "2256"]

1.e4 c5 2.Nf3 e6 3.d4 cxd4 4.Nxd4 Nc6 5.Nc3 Qc7 6.Be3 a6 7.Qd2 Nf6 8.O-O-O Bb4
9.f3 d5 10.Kb1 O-O 11.exd5 Bxc3 12.Qxc3 Nxd5 13.Qd2 Nxe3 14.Qxe3 Nxd4 15.Rxd4 e5
16.Rd5 Bf5 17.Bd3 Bxd3 18.Qxd3 Rad8 19.Rd1 Rxd5 20.Qxd5 h6 21.c3 Kh8 22.Qd6 Rc8
23.Qxc7 Rxc7 24.Kc2 Kh7 25.Rd6 f6 26.Kd3 Kg6 27.c4 Kf7 28.b4 Ke7 29.c5 Rd7
30.Rxd7+ Kxd7 31.a4 f5 32.g4 g6 33.b5 axb5 34.axb5 Kc7 35.Kc4 b6 36.gxf5 gxf5
37.cxb6+ Kxb6 38.Kd5 e4 39.fxe4 fxe4 40.Kxe4 Kxb5 41.Kf5 Kc6 42.Kg6 Kd6 43.Kxh6 Ke6
44.Kg6 Ke7 45.Kg7 Ke8  1-0

[Event "Politiken Cup"]
[Site "Helsingor DEN"]
[Date "2008.07.21"]
[Round "4"]
[White "Klein,Gern"]
[Black "Jacobsen,Mad"]
[Result "1/2-1/2"]
[WhiteElo "2011"]
[BlackElo "1831"]

1.e4 c5 2.Nf3 e6 3.d4 cxd4 4.Nxd4 Nc6 5.Nc3 a6 6.Be3 Qc7 7.Bd3 Nf6 8.g4 d6
9.g5 Nd7 10.Rg1 Nc5 11.Qd2 b5 12.Nxc6 Qxc6 13.f3 Bb7 14.O-O-O Nxd3+ 15.Qxd3 Be7
16.h4 O-O 17.Kb1 b4 18.Ne2 e5 19.Ng3 g6 20.h5 a5 21.Qd2 Rad8 22.Qh2 Kg7 23.hxg6 fxg6
24.Qh6+ Kg8 25.Nh5 Rf7 26.Nf6+ Bxf6 27.gxf6 Rxf6 28.Bg5 Rdf8 29.Bxf6 Rxf6
30.Rh1 Qd7 31.Qe3 Bc6 32.Rh2 h5 33.Qg5 Qg7 34.Rg1 Rxf3 35.Qd8+ Rf8 36.Qxd6 Bxe4
37.Qc5 Qf7 38.Re1 Qf1 39.Re2 Bg2 40.Qxe5 Qf3 41.Kc1 Bf1 42.Re3 Qf5 43.Qxf5 Rxf5
44.Re5 Rxe5 45.Rxe5 h4 46.Re4 h3 47.Rh4 Kg7 48.Kd2 g5 49.Rh5 Kg6 50.Rh8 Kg7
51.Rh5  1/2-1/2

[Event "2nd ITT 54th Aniv Martelli"]
[Site "Villa Martelli ARG"]
[Date "2008.07.21"]
[Round "7"]
[White "Mareco,S"]
[Black "Filgueira,H"]
[Result "1-0"]
[WhiteElo "2477"]
[BlackElo "2330"]

1.e4 c5 2.Nf3 e6 3.d4 cxd4 4.Nxd4 Nc6 5.Nc3 Nf6 6.Ndb5 Bb4 7.a3 Bxc3+ 8.Nxc3 d5
9.exd5 exd5 10.Bd3 d4 11.Ne2 O-O 12.O-O Bg4 13.Bg5 Qd6 14.Qd2 Bxe2 15.Qxe2 Rfe8
16.Qf3 Qd5 17.Qxd5 Nxd5 18.Rfe1 Nb6 19.Rad1 Na4 20.Bc1 Nc5 21.Bc4 a6 22.f3 Rxe1+
23.Rxe1 Kf8 24.Kf2 Rd8 25.b4 Na4 26.Bd3 h6 27.g4 Nc3 28.h4 Re8 29.Rxe8+ Kxe8
30.f4 f6 31.Kf3 Ke7 32.Bb2 Nd1 33.Ba1 Ke6 34.Be4 Ne3 35.Bxd4 Nxc2 36.Bb2 N2d4+
37.Ke3 Nb5 38.h5 Nd6 39.Bd3 Kd5 40.Be2 Ke6 41.Kd3 Ke7 42.Bf3 Ke6 43.Bc3 Ke7
44.Bd5 Kd7 45.Bd2 Ne7 46.Bf3 b6 47.Be3 Kc7 48.Bd4 Nc6 49.Bxc6 Kxc6 50.g5 hxg5
51.fxg5 fxg5 52.Bxg7 Nf5 53.h6 Nxh6 54.Bxh6 Kb5 55.Bxg5 Ka4 56.Bd8  1-0

[Event "Dutch Open"]
[Site "Dieren NED"]
[Date "2008.07.22"]
[Round "1"]
[White "De Groote,E"]
[Black "De Ruiter,D"]
[Result "1-0"]
[WhiteElo "2251"]
[BlackElo "2017"]

1.e4 c5 2.Nf3 Nc6 3.d4 cxd4 4.Nxd4 e6 5.Nc3 Qc7 6.g3 a6 7.Bg2 Nf6 8.O-O Be7
9.Re1 d6 10.Nxc6 bxc6 11.e5 dxe5 12.Rxe5 Nd5 13.Nxd5 cxd5 14.Qe2 Bb7 15.Bf4 Qb6
16.Re3 Bc6 17.c4 Rd8 18.Rc1 dxc4 19.Rxe6 fxe6 20.Qxe6 Qc5 21.Bxc6+ Kf8 22.Rxc4 Qh5
23.Bc7 Rd1+ 24.Kg2 Bf6 25.Bd6+ Rxd6 26.Qxd6+ Kf7 27.Bd5+ Kg6 28.Rf4 Qe5 29.Be4+ Kg5
30.Qxe5+  1-0